Fausto /
Guardado en:
| Autor Principal: | |
|---|---|
| Formato: | Libro |
| Publicado: |
Barcelona :
Agea
|
| Series: | Biblioteca de la Literatura Universal
|
| Materias: | |
| Etiquetas: |
Agregar Etiqueta
Sin Etiquetas, Sea el primero en etiquetar este registro!
|
| LEADER | 00592nam a22002175a 4500 | ||
|---|---|---|---|
| 001 | CEM.cems011209 | ||
| 005 | 20071101144358.0 | ||
| 008 | 130507b######################000#0#####d | ||
| 003 | CEMS | ||
| 020 | |a 849559417X | ||
| 082 | 0 | 4 | |a 832.6 |
| 100 | 1 | |a Goethe, Johan Wolfgang | |
| 245 | 1 | 0 | |a Fausto / |c Johan Wolfgang Goethe |
| 260 | |a Barcelona : |b Agea | ||
| 300 | |a 205 p. | ||
| 490 | 0 | |a Biblioteca de la Literatura Universal | |
| 653 | |a Literatura | ||
| 653 | |a Literatura alemana | ||
| 653 | |a Teatro | ||
| 653 | |a Teatro alemán | ||
| 859 | |a CEMS |b BIB. CEMS - 11 de abril |h 832.6 |i G555-3 |p 21948.02 |t Ej.1 | ||
